| 000 | 00503nam a2200193 4500 | ||
|---|---|---|---|
| 003 | OSt | ||
| 008 | 241005b |||||||| |||| 00| 0 eng d | ||
| 020 | _a9788119131655 | ||
| 041 | _amal | ||
| 082 |
_a843 _bGID/ID |
||
| 100 |
_aGide, Andre _96300 |
||
| 245 | _aIdayante symphonie & isabella/ | ||
| 250 | _a1st ed. | ||
| 260 |
_aThiruvananthapuram : _bChintha Publishers, _c2024. |
||
| 300 | _a184p. | ||
| 650 |
_aNovel _94288 |
||
| 700 |
_aCheruvalli, Radhakrishnan - translator. _96301 |
||
| 942 | _cBK | ||
| 999 |
_c18124 _d18124 |
||